Departments and Capitals of Peru - Statistics

General Stats
  • This quiz has been taken 24 times
  • The average score is 39 of 51
Answer Stats
Departments % Correct
Arequipa
100%
Arequipa
100%
Cusco
100%
Cusco
100%
Lima
100%
Lima (Department)
100%
Lima (Province)
100%
Puno
94%
Puno
94%
Ica
89%
Ica
89%
Iquitos
89%
Trujillo
89%
Callao
83%
Loreto
83%
Moquegua
83%
Moquegua
83%
Piura
83%
Piura
83%
Tacna
83%
Tacna
83%
Amazonas
78%
Madre De Dios
78%
Pasco
78%
San Martín
78%
Apurímac
72%
Cajamarca
72%
Cajamarca
72%
Chiclayo
72%
Huancavelica
72%
Huancavelica
72%
Huánuco
72%
Huánuco
72%
Junín
72%
La Libertad
72%
Lambayeque
72%
Tumbes
72%
Tumbes
72%
Ucayali
72%
Ancash
67%
Ayacucho
67%
Ayacucho
67%
Cerro De Pasco
67%
Huaraz
67%
Puerto Maldonado
61%
Huancayo
56%
Pucallpa
56%
Abancay
50%
Chachapoyas
50%
Huacho
39%
Moyobamba
39%
No matching quizzes found
Score Distribution
Percent of People with Each Score
Percentile by Number Answered
Your Score History
You have not taken this quiz